LEADER 01034nam a2200217 4500 001 000000341345 003 CaOOAMICUS 005 20220826145156.0 008 200805s1837 it 000 u ita r 040 $aSeMil$bita 100 11$aRaimann, Johann Nepomuk.$0(OLS)http://semarc/name/111850 245 00$a2: Efflorescenze cutanee elevate, cachessie, malattie secretorie ed escretorie, e nevrosi . 264 1$aFirenze :$bTipografia della speranza,$c1837. 300 $a597 p. ;$c20 cm 773 0 $aRaimann, Johann Nepomuk$tPrincipj di patologia e terapia medica speciale.$dFirenze : Tipografia della speranza, 1836-1837.$g2$w()341343 850 $aSeMil 852 $aSeMil$W1$xVenegono$y1$m3XD III 25 FA$j220248$B232348$CSeMilBibl$Z2$F232348 $8I 941 1 $a10 996 $6245$a2: Efflorescenze cutanee elevate, cachessie, malattie secretorie ed escretorie, e nevrosi $9(OLS)http://semarc/title/430370 996 $6264$aFirenze :$bTipografia della speranza$9(OLS)http://semarc/publisher/31390 LEADER 00972nam a2200229 i 4500 001 000000202610 003 CaOOAMICUS 005 20250903094059.0 008 110527s1826 it u000 u ita u 013 $a181320 026 $atoii a.a, taea VaGa (3) 1826 (R) 040 $aSeMil$bita 245 10$aTomo 4. 300 $a840 p., [2] carte di tav. :$binc. 500 $aAntip. e altro front. incisi da A. E. Lapi su disegno di F. Nenci. 700 1 $aLapi, Angelo Emilio .$0(OLS)http://semarc/name/73193 700 1 $aNenci, Francesco .$0(OLS)http://semarc/name/37134 773 0 $aMetastasio, Pietro <1698-1782>$tOpere di Pietro Metastasio.$dFirenze : presso Giuseppe Molini, 1826.$kBiblioteca italiana portatile in verso ed in prosa$g4$w()25024 850 $aSeMil 852 $aSeMil$W1$xVenegono$y1$m1E II 15 FA$j153125$B153125$CSeMilBibl$Z2$F164118 $8I 996 $6245$aTomo 4$9(OLS)http://semarc/title/136909 LEADER 01126nam a2200253 i 4500 001 000000118678 003 CaOOAMICUS 005 20260306112042.0 008 031007s1985 it u000 u ita u 013 $a91371 040 $aSeMil$bita 100 1 $aNasuti, Nicola .$0(OLS)http://semarc/name/49534 245 10$aOltre i veli :$bil miracolo eucaristico di Lanciano : documentazione storica, mistica, scientifica e fotografica /$cP. Nicola Nasuti. 260 $a[Lanciano] :$b[s.n.],$c1985. 300 $a95 p. :$bill. ;$c21 cm. 500 $aIl complemento al titolo precede il titolo 650 4$aEucaristia - Miracoli - Lanciano.$0(OLS)http://semarc/subject/22160 850 $aSeMil 852 $aSeMil$W1$xVenegono$y1$m3B I 108$j73972$B73972$CSeMilBibl$Z2$F90669 $81 941 1 $a4 961 $aOmaggio: Martini Card. Carlo Maria 996 $6245$aOltre i veli :$bil miracolo eucaristico di Lanciano : documentazione storica, mistica, scientifica e fotografica$9(OLS)http://semarc/title/174361 996 $6260$a[Lanciano] :$b[s.n.]$9(OLS)http://semarc/publisher/45828